Robot Pepper – digitálny sprievodca po Národnom centre robotiky

Gespeichert in:
Bibliographische Detailangaben
1. Verfasser: Kriho, Roman (Verfasst von)
Weitere Verfasser: Duchoň, František (Betreuung Doktorarbeit)
Format: Manuskript Buch
Sprache:Slowakisch
Veröffentlicht: Bratislava : STU v Bratislave FEI, 2023
Schlagworte:
Online-Zugang:https://opac.crzp.sk/?fn=detailBiblioFormChildE8RCT&sid=85CE14C1EED0152B7638D89735B2&seo=CRZP-detail-kniha
Tags: Tag hinzufügen
Keine Tags, Fügen Sie das erste Tag hinzu!

MARC

LEADER 00000ntm a22000003a 4500
001 stuzp87020
003 SK-STU
005 20241121100408.0
007 ta
008 150427s2015----xo-----f-mn---000-0-slo-d
040 |a STU  |b slo 
041 0 |a slo 
044 |a xo 
100 1 |a Kriho, Roman  |u 031000  |4 aut  |U FEI Fakulta elektrotechniky a informatiky  |T FEI Ústav robotiky a kybernetiky  |X 104258  |U E011  |Y 356  |7 104258 
242 0 1 |a Robot Pepper - A Digital Guide to the National Centre of Robotics  |y eng 
245 1 0 |a Robot Pepper – digitálny sprievodca po Národnom centre robotiky 
260 |a Bratislava :  |b STU v Bratislave FEI,  |c 2023 
650 4 |a robot  |2 slo 
650 4 |a programovanie  |2 slo 
650 4 |a robot Pepper  |2 slo 
650 4 |a Softbank robotics  |2 slo 
650 4 |a Choregraphe  |2 slo 
650 4 |a robot  |2 eng 
650 4 |a programming  |2 eng 
650 4 |a Choregraphe  |2 eng 
650 4 |a robot Pepper  |2 eng 
650 4 |a Softbank robotics  |2 eng 
700 1 |a Duchoň, František  |u 031000  |k Z1  |4 ths  |U FEI Fakulta elektrotechniky a informatiky  |T FEI Ústav robotiky a kybernetiky  |X 10329  |U E011  |Y 356  |7 A000010329 
856 4 |u https://opac.crzp.sk/?fn=detailBiblioFormChildE8RCT&sid=85CE14C1EED0152B7638D89735B2&seo=CRZP-detail-kniha